Normal view
MARC view
- LASCOE, D. D,LAWSHE, C. H,PORTER, H. W
Entry Personal Name
001 - CONTROL NUMBER
- control field: 57578
003 - CONTROL NUMBER IDENTIFIER
- control field: NUST
005 - DATE AND TIME OF LATEST TRANSACTION
- control field: 20210628201943.0
008 - FIXED-LENGTH DATA ELEMENTS
- fixed length control field: 210628|| aca||aabn | a|a d
040 ## - CATALOGING SOURCE
- Original cataloging agency: NUST
- Transcribing agency: NUST
100 ## - HEADING--PERSONAL NAME
- Personal name: LASCOE, D. D,LAWSHE, C. H,PORTER, H. W
670 ## - SOURCE DATA FOUND
- Source citation: Work cat.: (NUST): LASCOE, D. D,LAWSHE, C. H,PORTER, H. W, MACHINE SHOP OPERATIONS AND SETUP, 1964
